Skisprung Gesamtweltcupsieger (Herren) - Statistiken

Allgemein
  • Dieses Quiz wurde 2.464 mal gespielt
    1.684 seit der letzten Aktualisierung
  • Das Durchschnittsergebnis liegt bei 10 aus 27
Antwortstatistiken
Siege Sieger % Korrekt
3 Stefan Kraft
78%
2 Ryoyu Kobayashi
69%
1 Peter Prevc
64%
2 Kamil Stoch
61%
2 Gregor Schlierenzauer
58%
1 Severin Freund
58%
2 Janne Ahonen
55%
2 Martin Schmitt
55%
1 Simon Ammann
54%
2 Thomas Morgenstern
53%
4 Adam Malysz
48%
1 Jens Weißflog
45%
2 Halvor Egner Granerud
38%
1 Daniel Tschofenig
37%
3 Andreas Goldberger
36%
1 Jakub Janda
26%
4 Matti Nykänen
23%
2 Primoz Peterka
18%
1 Anders Bardal
13%
1 Espen Bredesen
11%
1 Jan Boklöv
11%
1 Toni Nieminen
11%
1 Andreas Felder
10%
1 Hubert Neuper
10%
2 Armin Kogler
9%
1 Ari-Pekka Nikkola
7%
1 Vegard Opaas
6%
Keine übereinstimmenden Quizze gefunden
Verteilung der Resultate
Anzahl Personen mit jedem Resultat
Perzentil nach korrekt beantworteten Fragen
Ihre Resultats-Entwicklung
Sie haben dieses Quiz seit der letzten Aktualisierung nicht gespielt